[Event "FICGS no engines 00 email"]
[Site "FICGS email"]
[Date "2016.04.17"]
[Round "1"]
[White "Goldmund, Heike"]
[Black "Ramos, Francisco Miguel R"]
[Result "0-1"]
[WhiteElo "1143"]
[BlackElo "1488"]
[PlyCount "104"]
[EventDate "2016.??.??"]
[EventType "swiss (corr)"]
[EventRounds "1"]
[SourceTitle "Corr 2022"]
[Source "ChessBase"]
[SourceDate "2021.10.24"]
[SourceVersion "1"]
[SourceVersionDate "2021.10.24"]
[SourceQuality "1"]

1. e4 c5 2. b4 cxb4 3. a3 e6 4. axb4 d5 5. e5 Nc6 6. d4 Bxb4+ 7. c3 Be7 8. Bb5 Qb6 9. Na3 a6 10. Bd3 Bd7 11. Rb1 Qa5 12. Bd2 Qxa3 13. Nf3 Qa5 14. Rxb7 Qd8 15. 0-0 a5 16. Qb3 a4 17. Qb2 a3 18. Qa2 Rb8 19. Rfb1 Rxb7 20. Rxb7 Qa8 21. Rb3 Na5 22. Rb1 Nh6 23. c4 0-0 24. c5 Nf5 25. Qxa3 Rc8 26. Bxa5 Nxd4 27. Nxd4 Bxc5 28. Qc3 Bxd4 29. Qxd4 Qxa5 30. Qg4 Qc3 31. Qh3 Qc1+ 32. Rxc1 Rxc1+ 33. Bf1 Bb5 34. g3 Bxf1 35. Qxf1 Rxf1+ 36. Kxf1 Kf8 37. Ke2 Ke7 38. Kd3 Kd7 39. Kd4 Kc6 40. f4 g6 41. h3 h5 42. g4 hxg4 43. hxg4 Kb5 44. Kc3 Kc5 45. g5 Kb5 46. Kb3 Kc5 47. Kc3 d4+ 48. Kd2 Kc4 49. Kc2 d3+ 50. Kd2 Kd4 51. Kd1 Ke3 52. Ke1 Kxf4 0-1

[Event "FICGS rapid D 000099 email"]
[Site "FICGS email"]
[Date "2016.04.03"]
[Round "1"]
[White "Ramos, Francisco Miguel R"]
[Black "Hilbert, Stephan"]
[Result "1-0"]
[WhiteElo "1488"]
[BlackElo "1386"]
[PlyCount "103"]
[EventDate "2016.??.??"]
[EventType "tourn (rapid)"]
[EventRounds "5"]
[SourceTitle "Corr 2022"]
[Source "ChessBase"]
[SourceDate "2021.10.24"]
[SourceVersion "1"]
[SourceVersionDate "2021.10.24"]
[SourceQuality "1"]

1. e4 a6 2. Nf3 c5 3. c4 d6 4. d4 Nd7 5. Be3 Ngf6 6. Nc3 g6 7. dxc5 dxc5 8. Be2 Bg7 9. 0-0 0-0 10. Qd2 e6 11. Rad1 Qe7 12. Bg5 h6 13. Bh4 Qe8 14. Qd6 b6 15. Rfe1 Bb7 16. e5 Ne4 17. Qxd7 Qb8 18. Bd3 Nxc3 19. bxc3 Ra7 20. Qa4 Bxf3 21. gxf3 Bxe5 22. Bg3 Bf4 23. Qc6 Bxg3 24. fxg3 Rc7 25. Qd6 Rd8 26. Qf4 Rcd7 27. Qxb8 Rxb8 28. Bc2 Rbd8 29. Rxd7 Rxd7 30. Rd1 Rxd1+ 31. Bxd1 Kg7 32. Kf2 Kf6 33. Ke3 Ke5 34. f4+ Kd6 35. g4 f5 36. h3 e5 37. Ba4 Ke6 38. Be8 fxg4 39. hxg4 exf4+ 40. Kxf4 Kf6 41. a4 a5 42. Bc6 Ke6 43. Be4 Kf6 44. Bd5 h5 45. g5+ Ke7 46. Ke5 h4 47. Be6 Ke8 48. Kf6 Kf8 49. Kxg6 Ke7 50. Bg4 Kd6 51. Kf7 Ke5 52. g6 1-0

[Event "FICGS rapid D 000099 email"]
[Site "FICGS email"]
[Date "2016.04.03"]
[Round "1"]
[White "Wilson, Jaimie"]
[Black "Ramos, Francisco Miguel R"]
[Result "1-0"]
[WhiteElo "1616"]
[BlackElo "1488"]
[PlyCount "49"]
[EventDate "2016.??.??"]
[EventType "tourn (rapid)"]
[EventRounds "5"]
[SourceTitle "Corr 2022"]
[Source "ChessBase"]
[SourceDate "2021.10.24"]
[SourceVersion "1"]
[SourceVersionDate "2021.10.24"]
[SourceQuality "1"]

1. d4 d5 2. c4 e6 3. Nc3 c5 4. cxd5 exd5 5. Nf3 Nc6 6. g3 Nf6 7. Bg2 Be7 8. 0-0 0-0 9. Bg5 cxd4 10. Nxd4 Be6 11. Rc1 h6 12. Be3 Re8 13. Na4 Qd7 14. Nc5 Bxc5 15. Rxc5 Rac8 16. Nxe6 fxe6 17. Qa4 b6 18. Rc2 Ne7 19. Qxd7 Nxd7 20. Rfc1 Kf7 21. Rc7 Red8 22. Rxa7 Rxc1+ 23. Bxc1 Rc8 24. Be3 Nc5 25. b4 1-0

[Event "FICGS rapid C 000132 email"]
[Site "FICGS email"]
[Date "2016.03.15"]
[Round "1"]
[White "Faust, Dieter"]
[Black "Ramos, Francisco Miguel R"]
[Result "1-0"]
[WhiteElo "1644"]
[BlackElo "1488"]
[PlyCount "51"]
[EventDate "2016.??.??"]
[EventType "tourn (rapid)"]
[EventRounds "4"]
[SourceTitle "Corr 2022"]
[Source "ChessBase"]
[SourceDate "2021.10.24"]
[SourceVersion "1"]
[SourceVersionDate "2021.10.24"]
[SourceQuality "1"]

1. e4 c5 2. Nf3 d6 3. Bb5+ Nd7 4. d4 cxd4 5. Qxd4 Ngf6 6. 0-0 a6 7. Bxd7+ Bxd7 8. Bg5 e6 9. Nc3 Be7 10. e5 dxe5 11. Nxe5 0-0 12. Rfd1 Be8 13. Qh4 Qa5 14. Ng4 Qf5 15. Bxf6 Bxf6 16. Nxf6+ Qxf6 17. Qxf6 gxf6 18. Ne4 Kg7 19. Rd3 Bc6 20. Rg3+ Kh8 21. Nxf6 Rad8 22. c4 Rd2 23. b3 Rfd8 24. Kf1 e5 25. Ng4 f5 26. Nxe5 1-0

[Event "FICGS rapid C 000132 email"]
[Site "FICGS email"]
[Date "2016.03.15"]
[Round "1"]
[White "Ramos, Francisco Miguel R"]
[Black "Proshkin, Andrey"]
[Result "1-0"]
[WhiteElo "1488"]
[BlackElo "1800"]
[PlyCount "29"]
[EventDate "2016.??.??"]
[EventType "tourn (rapid)"]
[EventRounds "4"]
[SourceTitle "Corr 2022"]
[Source "ChessBase"]
[SourceDate "2021.10.24"]
[SourceVersion "1"]
[SourceVersionDate "2021.10.24"]
[SourceQuality "1"]

1. e4 d5 2. exd5 Nf6 3. Nc3 Nxd5 4. d4 Nc6 5. Nf3 Bf5 6. Bd3 Bxd3 7. Qxd3 e6 8. 0-0 Be7 9. Ne4 0-0 10. Be3 Qd7 11. a3 Rfd8 12. c4 Nxe3 13. fxe3 f5 14. Neg5 e5 15. d5 1-0